000
00247 a2200085 4500
020
_a
9781568987705
100
_a
Ellen Lupton and Jennifer Cole Phillips
245
_a
Graphic Design: The New Basics
260
_b
Princeton Architectural Press
_c
2008
999
_c
13404
_d
13404